| 000 | 01267cam a22003133a 4500 | ||
|---|---|---|---|
| 001 | 22792 | ||
| 003 | PGUSA | ||
| 005 | 20140828083503.0 | ||
| 008 | 070928s2007||||xxu|||||s|||||000 | eng d | ||
| 040 |
_aPGUSA _beng |
||
| 042 | _adc | ||
| 050 | 4 | _aG | |
| 100 | 1 | _aDard, Charlotte-Adelaïde | |
| 245 | 1 | 0 |
_aPerils and Captivity : _bComprising The sufferings of the Picard family after the shipwreck of the Medusa, in the year 1816; Narrative of the captivity of M. de Brisson, in the year 1785; Voyage of Madame Godin along the river of the Amazons, in the year 1770. _h[electronic resource] / _cCharlotte-Adelaïde Dard |
| 260 |
_bProject Gutenberg, _c2007 |
||
| 506 | _aPublic domain in the USA. | ||
| 516 | _aElectronic text | ||
| 653 | _aShipwrecks -- South Atlantic Ocean | ||
| 653 | _aAfrica, North -- Social life and customs -- 18th century | ||
| 653 | _aGodin des Odonais, Isabelle de Grandmaison, b. 1728? | ||
| 653 | _aMéduse (Ship) | ||
| 653 | _aAmazon River -- Description and travel | ||
| 653 | _aPicard family | ||
| 653 | _aAfrica, French-speaking West -- Social life and customs -- 18th century | ||
| 700 | 1 | _aMaxwell, Patrick | |
| 830 | 0 |
_aProject Gutenberg _v22792 |
|
| 856 | 4 | 0 | _uhttp://www.gutenberg.org/ebooks/22792 |
| 942 | _cEB | ||
| 999 |
_c252047 _d252047 |
||